000
00230nam a2200109Ia 4500
008
190216s9999||||xx |||||||||||||| ||und||
100
_a
Batty J
245
0
_a
Standard Costing
260
_b
Null
_c
1966
300
_a
669p
942
_c
BK
999
_c
4341
_d
4341